Ngụ ngôn Êđốp và danh ngôn cổ ngữ In 2 thứ tiếng
v.v...
Đã lưu trong:
| Định dạng: | Sách |
|---|---|
| Năm xuất bản: |
H.
Văn học
1999
|
| Chủ đề: | |
| Tags: |
Thêm thẻ
Không có thẻ, Hãy là người đầu tiên gắn thẻ bản ghi này!
|
| LEADER | 00830nam a2200181 4500 | ||
|---|---|---|---|
| 082 | |a 398.2 |b NG500ng. | ||
| 100 | |a | ||
| 245 | |a Ngụ ngôn Êđốp và danh ngôn cổ ngữ |c Bùi Phụng dịch |b In 2 thứ tiếng | ||
| 260 | |a H. |b Văn học |c 1999 | ||
| 300 | |a 423 tr. |c 21 cm. | ||
| 520 | |a v.v... | ||
| 653 | |a văn học dân gian | ||
| 653 | |a Truyện ngụ ngôn | ||
| 653 | |a Danh ngôn | ||
| 942 | |2 ddc |c STK0 | ||
| 999 | |c 8264 |d 8264 | ||
| 952 | |0 0 |1 0 |2 ddc |4 0 |6 398_200000000000000_NG500NG |7 0 |8 300 |9 69562 |a qbu |b qbu |c D2 |d 2015-04-05 |g 84000 |o 398.2 NG500ng. |p 8226.c1 |r 0000-00-00 |w 2015-04-05 |y STK0 |0 0 |6 398_200000000000000_NG500NG | ||
| 952 | |0 0 |1 0 |2 ddc |4 0 |6 398_200000000000000_NG500NG |7 0 |8 300 |9 69563 |a qbu |b qbu |c D2 |d 2015-04-05 |g 84000 |l 2 |m 1 |o 398.2 NG500ng. |p 8226.c2 |r 2017-11-30 |s 2017-11-22 |w 2015-04-05 |y STK0 |0 0 |6 398_200000000000000_NG500NG | ||